Statistiche per Classifica Marcatori Ligue 1 2011-2012

Clicka qui per fare il quiz!

Statistiche generali

  • Questo quiz è stato fatto 2 volte
  • Il punteggio medio è 4 su 14

Statistiche sulle risposte

GolNazioneSquadraCalciatore% Corretto
21FranciaMontpellierOlivier Giroud
100%
16Gabon Saint-ÉtiennePierre Aubameyang
100%
20Belgio LillaEden Hazard
50%
16Argentina Olympique LioneLisandro López
50%
21Brasile Paris Saint-GermainNenê
50%
14Francia Olympique LioneBafétimbi Gomis
0%
10Kenya AuxerreDennis Oliech
0%
13Argentina Paris Saint-GermainJavier Pastore
0%
10Francia RennesJirès Kembo Ekoko
0%
11Francia Paris Saint-GermainKevin Gameiro
0%
12Francia Olympique MarsigliaLoïc Rémy
0%
10Costa d'Avorio Évian TGYannick Sagbo
0%
14Francia BordeauxYoan Gouffran
0%
12Marocco MontpellierYounès Belhanda
0%

Distribuzione punteggi

Percentile per numero di risposta

Percentuale di utenti per punteggio

I tuoi punteggi nel tempo

Non hai fatto questo quiz